000 00286nam a2200121Ia 4500
008 191201s2012 xx 000 0 und d
100 _aTAYLOR, Grant
245 0 _aEnglish conversation practice
250 _aRep
260 _c2012
_bTMH
_aNEW DELHI
300 _a299
942 _2ddc
_cBK
_09
999 _c8057
_d8057